Color by armor - Statistics

General Stats
  • This quiz has been taken 4 times
  • The average score is 4 of 9
Answer Stats
Picture Answer % Correct
Black
100%
Silver
100%
Gold
75%
Copper gold
25%
Dark gray
25%
Italic bronze
25%
Leather brown
25%
Milanese gold
25%
Turkish gray
0%
No matching quizzes found
Score Distribution
Percent of People with Each Score
Percentile by Number Answered
Your Score History
You have not taken this quiz